000 00228 a2200097 4500
001 13494
100 _aJohnson H
245 _aThe socialist sixth of the world
260 _aLondon
_bVictor golloncz ltd
_c
090 _c10499
_d10499
942 _aNUST-CAE
_cM
_c557
999 _c248567
_d248567